La cabaña del Tío Tom / (Registro nro. 7144)
[ vista simple ]
| 000 -LEADER | |
|---|---|
| fixed length control field | 00924nam a22002657a 4500 |
| 003 - CONTROL NUMBER IDENTIFIER | |
| control field | OSt |
| 005 - DATE AND TIME OF LATEST TRANSACTION | |
| control field | 20250410155357.0 |
| 008 - FIXED-LENGTH DATA ELEMENTS--GENERAL INFORMATION | |
| fixed length control field | 210210s1985 mx a|||gr|||| 00| 0 spa d |
| 020 ## - INTERNATIONAL STANDARD BOOK NUMBER | |
| International Standard Book Number | 9683302068 |
| 040 ## - CATALOGING SOURCE | |
| Original cataloging agency | CO-JMCR |
| Transcribing agency | CO-JMCR |
| 041 1# - LANGUAGE CODE | |
| Language code of text/sound track or separate title | spa |
| Language code of original | eng |
| 082 04 - DEWEY DECIMAL CLASSIFICATION NUMBER | |
| Classification number | A-N |
| Item number | BEEc |
| Edition number | 23 |
| 100 1# - MAIN ENTRY--PERSONAL NAME | |
| Personal name | Beecher Stowe, Harriet, |
| Relator term | autor |
| 9 (RLIN) | 13224 |
| 245 13 - TITLE STATEMENT | |
| Title | La cabaña del Tío Tom / |
| Statement of responsibility, etc. | Harriet Beecher Stowe ; traducción de Florencio Sebastián Yarza ; ilustraciones de C. Blach |
| 250 ## - EDITION STATEMENT | |
| Edition statement | Primera edición |
| 260 ## - PUBLICATION, DISTRIBUTION, ETC. | |
| Place of publication, distribution, etc. | México : |
| Name of publisher, distributor, etc. | Cumbre, |
| Date of publication, distribution, etc. | 1985 |
| 300 ## - PHYSICAL DESCRIPTION | |
| Extent | 422 páginas : |
| Other physical details | ilustraciones a blanco y negro ; |
| Dimensions | 21 cm. |
| 490 0# - SERIES STATEMENT | |
| Series statement | Obras selectas de la literatura Universal |
| 650 14 - SUBJECT ADDED ENTRY--TOPICAL TERM | |
| Topical term or geographic name entry element | Esclavitud |
| 9 (RLIN) | 13225 |
| 650 24 - SUBJECT ADDED ENTRY--TOPICAL TERM | |
| Topical term or geographic name entry element | Estados sureños |
| 9 (RLIN) | 13226 |
| 650 24 - SUBJECT ADDED ENTRY--TOPICAL TERM | |
| Topical term or geographic name entry element | Vida de plantación |
| 9 (RLIN) | 13227 |
| 700 1# - ADDED ENTRY--PERSONAL NAME | |
| Personal name | Yarza, Florencio Sebastián, |
| Relator term | traductor |
| 9 (RLIN) | 13228 |
| 700 1# - ADDED ENTRY--PERSONAL NAME | |
| Personal name | Blanch, B., |
| Relator term | ilustrador |
| 9 (RLIN) | 13229 |
| 942 ## - ADDED ENTRY ELEMENTS (KOHA) | |
| Source of classification or shelving scheme | Dewey Decimal Classification |
| Koha item type | Books |
| Withdrawn status | Lost status | Source of classification or shelving scheme | Damaged status | Not for loan | Home library | Current library | Shelving location | Date acquired | Source of acquisition | Total Checkouts | Total Renewals | Full call number | Barcode | Date last seen | Date last checked out | Copy number | Price effective from | Koha item type |
|---|---|---|---|---|---|---|---|---|---|---|---|---|---|---|---|---|---|---|
| Dewey Decimal Classification | Biblioteca Pública José María del Castillo y Rada | Biblioteca Pública José María del Castillo y Rada | General Stacks | 10/02/2020 | Donación | 3 | 1 | A-N BEEc | 201810252 | 10/28/2025 | 10/28/2025 | Ej.1 | 10/02/2020 | Books |